000
00326nam a22001457a 4500
008
221010b ||||| |||| 00| 0 eng d
020
_a
97808227349384
041
_a
eng
080
_2
THIRD EDITION
_a
573
082
_a
573SLO
100
_a
16.1
101
_a
BIO
245
_a
BIOLOGY OF WOMEN
_c
SLOANE E
942
_2
udc
_c
BK
999
_c
58445
_d
58445